| 000 | 01188cam a22002771ia4500 | ||
|---|---|---|---|
| 003 | SA-RiAUC | ||
| 005 | 20250415064114.0 | ||
| 008 | 250415s1992 jo g 000r0dara c | ||
| 040 |
_aEG-CaFIB _bara _cSA-RiAUC _erda |
||
| 082 | 0 | 4 |
_a232 _qSA-RiAUC |
| 090 |
_a232 _b س ق ا |
||
| 100 | 1 |
_aالسقاف، حسن بن علي، _d1961- _eمؤلف. |
|
| 245 | 1 | 0 |
_aتناقضات الألباني الواضحات فيما وقع له في تصحيح الأحاديث وتضعيفها من أخطاء وغلطات / _cبقلم حسن بن علي السقاف. |
| 250 | _aالطبعة الثانية. | ||
| 264 | 1 |
_aعمان، الأردن : _bدار الإمام النووي، _c1992 |
|
| 300 |
_a2 مجلد ؛ _c24 سم |
||
| 336 |
_aنص _btxt _2rdacontent _3كتاب |
||
| 337 |
_aبدون وسيط _bn _2rdamedia |
||
| 338 |
_aمجلد _bnc _2rdacarrier |
||
| 600 | 1 | 7 |
_aالألباني، محمد ناصر الدين، _d1914-1999 _xحديث _2aucnm |
| 650 | 7 |
_aالحديث _xإسناد _2aucsh |
|
| 650 | 7 |
_aالحديث _xالإسناد الضعيف _2aucsh |
|
| 650 | 7 |
_aالحديث _xرواية _2aucsh |
|
| 942 |
_2ddc _cBOOK _n0 |
||
| 949 |
_aSA-JeALM _d250415 _umohamedma123 _n1 |
||
| 999 |
_c7046 _d7046 |
||